[Event "World Team Chess Championship"]
[Site "Khanty-Mansiysk, RUS."]
[Date "2017.06.24"]
[Round "7.16"]
[White "Li Chao B (CHN)"]
[Black "Fedoseev Vladimir (RUS)"]
[Result "1-0"]
[BlackElo "2690"]
[WhiteElo "2720"]
[LiveChessVersion "1.4.8"]

1. e4 {[%clk 1:30:56]} e5 {[%clk 1:29:16]} 2. Nf3 {[%clk 1:31:13]} Nc6
{[%clk 1:29:37]} 3. Bb5 {[%clk 1:31:35]} Nf6 {[%clk 1:29:12]} 4. O-O
{[%clk 1:31:52]} Nxe4 {[%clk 1:29:27]} 5. d4 {[%clk 1:32:12]} Nd6
{[%clk 1:29:51]} 6. Bxc6 {[%clk 1:32:36]} dxc6 {[%clk 1:30:12]} 7. dxe5
{[%clk 1:33:01]} Nf5 {[%clk 1:30:31]} 8. Qxd8+ {[%clk 1:33:21]} Kxd8
{[%clk 1:30:53]} 9. h3 {[%clk 1:33:38]} Bc5 {[%clk 1:24:21]} 10. Nc3
{[%clk 1:32:04]} Be6 {[%clk 1:23:04]} 11. b3 {[%clk 1:16:52]} Kc8
{[%clk 1:18:20]} 12. Rd1 {[%clk 1:16:55]} b6 {[%clk 1:15:45]} 13. g4
{[%clk 1:12:05]} Ne7 {[%clk 1:15:58]} 14. Na4 {[%clk 1:11:55]} h5
{[%clk 1:16:07]} 15. Nxc5 {[%clk 1:08:40]} bxc5 {[%clk 1:16:31]} 16. Ng5
{[%clk 1:08:35]} hxg4 {[%clk 1:16:02]} 17. Nxe6 {[%clk 1:07:13]} fxe6
{[%clk 1:16:24]} 18. hxg4 {[%clk 1:07:37]} Ng6 {[%clk 1:07:21]} 19. Re1
{[%clk 0:52:59]} Kb7 {[%clk 1:05:58]} 20. Re4 {[%clk 0:52:13]} Rh3
{[%clk 1:05:45]} 21. Be3 {[%clk 0:51:43]} Rah8 {[%clk 0:47:11]} 22. Kg2
{[%clk 0:51:30]} c4 {[%clk 0:40:06]} 23. bxc4 {[%clk 0:42:33]} a5
{[%clk 0:39:52]} 24. Rb1+ {[%clk 0:41:33]} Ka6 {[%clk 0:39:18]} 25. Rd1
{[%clk 0:39:02]} Kb7 {[%clk 0:38:12]} 26. Rb1+ {[%clk 0:38:02]} Ka6
{[%clk 0:38:36]} 27. a3 {[%clk 0:38:07]} Rh2+ {[%clk 0:36:12]} 28. Kf3
{[%clk 0:38:29]} Rf8+ {[%clk 0:35:22]} 29. Ke2 {[%clk 0:38:26]} Rhh8
{[%clk 0:35:03]} 30. Rf1 {[%clk 0:32:40]} Rh4 {[%clk 0:32:04]} 31. Rd1
{[%clk 0:32:18]} Rh7 {[%clk 0:29:48]} 32. Kd2 {[%clk 0:24:24]} Rhh8
{[%clk 0:27:24]} 33. Kc3 {[%clk 0:23:20]} Rf7 {[%clk 0:27:39]} 34. Rf1
{[%clk 0:20:19]} Rh4 {[%clk 0:25:00]} 35. Kd4 {[%clk 0:19:32]} Nf8
{[%clk 0:22:06]} 36. Rb1 {[%clk 0:17:21]} Nd7 {[%clk 0:21:45]} 37. Kc3
{[%clk 0:16:45]} Rh3 {[%clk 0:22:01]} 38. Kd2 {[%clk 0:16:36]} Nb6
{[%clk 0:19:46]} 39. Ke2 {[%clk 0:14:08]} Rh8 {[%clk 0:12:46]} 40. Rb3
{[%clk 0:42:28]} Rh1 {[%clk 0:39:57]} 41. Rd3 {[%clk 0:34:07]} Rg1
{[%clk 0:35:04]} 42. g5 {[%clk 0:25:04]} Rh1 {[%clk 0:33:21]} 43. Rd8
{[%clk 0:21:37]} Re7 {[%clk 0:28:21]} 44. Rf4 {[%clk 0:18:33]} Kb7
{[%clk 0:26:55]} 45. c5 {[%clk 0:17:11]} Nd7 {[%clk 0:22:01]} 46. Ra4
{[%clk 0:16:51]} Nb8 {[%clk 0:20:56]} 47. Rxa5 {[%clk 0:15:18]} Rh4
{[%clk 0:21:22]} 48. Rd3 {[%clk 0:15:04]} Na6 {[%clk 0:21:17]} 49. f4
{[%clk 0:15:19]} Ka7 {[%clk 0:20:57]} 50. Rd4 {[%clk 0:14:39]} Rh2+
{[%clk 0:20:24]} 51. Bf2 {[%clk 0:14:20]} g6 {[%clk 0:15:56]} 52. Rda4
{[%clk 0:14:37]} Reh7 {[%clk 0:16:03]} 53. Rxa6+ {[%clk 0:14:48]} Kb7
{[%clk 0:16:30]} 54. Ra7+ {[%clk 0:14:57]} 1-0

[Event "World Team Chess Championship"]
[Site "Khanty-Mansiysk, RUS."]
[Date "2017.06.24"]
[Round "7.17"]
[White "Tari Aryan (NOR)"]
[Black "Wojtaszek Radoslaw (POL)"]
[Result "1/2-1/2"]
[BlackElo "2730"]
[WhiteElo "2593"]
[LiveChessVersion "1.4.8"]

1. e4 {[%clk 1:30:56]} c5 {[%clk 1:30:56]} 2. Nf3 {[%clk 1:31:17]} d6
{[%clk 1:31:22]} 3. Bb5+ {[%clk 1:31:41]} Nd7 {[%clk 1:31:47]} 4. O-O
{[%clk 1:32:01]} a6 {[%clk 1:32:12]} 5. Bd3 {[%clk 1:32:24]} Ngf6
{[%clk 1:32:37]} 6. Re1 {[%clk 1:32:47]} b5 {[%clk 1:32:24]} 7. c4
{[%clk 1:33:04]} bxc4 {[%clk 1:32:46]} 8. Bxc4 {[%clk 1:33:27]} Nb6
{[%clk 1:32:58]} 9. d3 {[%clk 1:33:46]} e6 {[%clk 1:22:36]} 10. e5
{[%clk 1:32:07]} dxe5 {[%clk 1:19:25]} 11. Nxe5 {[%clk 1:32:26]} Bd6
{[%clk 1:19:47]} 12. Nc3 {[%clk 0:54:06]} O-O {[%clk 1:14:18]} 13. Bf4
{[%clk 0:48:46]} Qc7 {[%clk 1:11:58]} 14. Bg3 {[%clk 0:46:48]} Bb7
{[%clk 1:11:23]} 15. Rc1 {[%clk 0:44:40]} Rfe8 {[%clk 1:10:48]} 16. Bb3
{[%clk 0:43:17]} Rad8 {[%clk 1:02:56]} 17. Qe2 {[%clk 0:41:45]} Qb8
{[%clk 0:53:17]} 18. Bh4 {[%clk 0:39:21]} Bxe5 {[%clk 0:49:37]} 19. Qxe5
{[%clk 0:39:43]} Qxe5 {[%clk 0:50:03]} 20. Rxe5 {[%clk 0:40:04]} Rd4
{[%clk 0:50:25]} 21. Bxf6 {[%clk 0:33:14]} gxf6 {[%clk 0:50:50]} 22. Rxc5
{[%clk 0:33:35]} Rxd3 {[%clk 0:50:10]} 23. Rc7 {[%clk 0:32:48]} Rb8
{[%clk 0:43:50]} 24. Rd1 {[%clk 0:24:29]} Rxd1+ {[%clk 0:44:15]} 25. Bxd1
{[%clk 0:24:52]} Nd5 {[%clk 0:43:28]} 26. Nxd5 {[%clk 0:23:01]} Bxd5
{[%clk 0:43:53]} 27. b3 {[%clk 0:21:51]} a5 {[%clk 0:43:20]} 28. Bh5
{[%clk 0:19:44]} 1/2-1/2

[Event "World Team Chess Championship"]
[Site "Khanty-Mansiysk, RUS."]
[Date "2017.06.24"]
[Round "7.19"]
[White "Salomon Johan (NOR)"]
[Black "Piorun Kacper (POL)"]
[Result "1-0"]
[BlackElo "2631"]
[WhiteElo "2501"]
[LiveChessVersion "1.4.8"]

1. Nf3 {[%clk 1:30:53]} Nf6 {[%clk 1:29:58]} 2. c4 {[%clk 1:31:12]} e6
{[%clk 1:30:01]} 3. g3 {[%clk 1:26:13]} d5 {[%clk 1:26:22]} 4. d4
{[%clk 1:26:26]} Bb4+ {[%clk 1:26:42]} 5. Bd2 {[%clk 1:26:11]} Bd6
{[%clk 1:27:07]} 6. Nc3 {[%clk 1:21:07]} O-O {[%clk 1:22:37]} 7. Qc2
{[%clk 1:21:26]} Nc6 {[%clk 1:20:13]} 8. Bg2 {[%clk 1:21:49]} dxc4
{[%clk 1:18:02]} 9. O-O {[%clk 1:22:11]} Be7 {[%clk 1:11:09]} 10. Bf4
{[%clk 1:09:37]} Nd5 {[%clk 1:08:46]} 11. Rad1 {[%clk 1:07:56]} Nxf4
{[%clk 1:03:09]} 12. gxf4 {[%clk 1:08:23]} Nb4 {[%clk 1:03:35]} 13. Qc1
{[%clk 1:01:51]} c6 {[%clk 0:58:29]} 14. Ne5 {[%clk 1:01:02]} Bd7
{[%clk 0:57:35]} 15. Nxc4 {[%clk 1:00:02]} Nd5 {[%clk 0:56:43]} 16. Ne4
{[%clk 0:56:48]} Qc7 {[%clk 0:55:43]} 17. e3 {[%clk 0:56:46]} Rfd8
{[%clk 0:56:05]} 18. Qb1 {[%clk 0:51:30]} Be8 {[%clk 0:55:46]} 19. Rc1
{[%clk 0:51:24]} Rac8 {[%clk 0:55:55]} 20. a3 {[%clk 0:51:33]} a5
{[%clk 0:51:48]} 21. Rfe1 {[%clk 0:46:27]} a4 {[%clk 0:47:02]} 22. Ne5
{[%clk 0:41:28]} b6 {[%clk 0:40:28]} 23. Qc2 {[%clk 0:38:34]} Qa7
{[%clk 0:39:37]} 24. Qe2 {[%clk 0:36:47]} c5 {[%clk 0:36:21]} 25. dxc5
{[%clk 0:36:58]} bxc5 {[%clk 0:36:46]} 26. Rc2 {[%clk 0:30:16]} f6
{[%clk 0:24:40]} 27. Nc4 {[%clk 0:29:39]} Bg6 {[%clk 0:25:00]} 28. Rcc1
{[%clk 0:21:13]} Rb8 {[%clk 0:24:10]} 29. Red1 {[%clk 0:17:45]} Qa6
{[%clk 0:23:18]} 30. Qf3 {[%clk 0:16:23]} h6 {[%clk 0:15:26]} 31. Ng3
{[%clk 0:15:00]} f5 {[%clk 0:14:14]} 32. Ne5 {[%clk 0:13:14]} Be8
{[%clk 0:12:14]} 33. Nxf5 {[%clk 0:13:04]} Bf6 {[%clk 0:12:17]} 34. Qg3
{[%clk 0:08:37]} exf5 {[%clk 0:11:01]} 35. Bxd5+ {[%clk 0:08:24]} Kh7
{[%clk 0:11:09]} 36. Rd2 {[%clk 0:06:51]} Rb6 {[%clk 0:03:30]} 37. Rxc5
{[%clk 0:04:48]} Bxe5 {[%clk 0:02:42]} 38. Bg8+ {[%clk 0:03:49]} Kxg8
{[%clk 0:02:29]} 39. Rxd8 {[%clk 0:04:16]} Bxb2 {[%clk 0:00:46]} 40. Rxe8+ Kf7
41. Rec8 {[%clk 0:27:42]} Bf6 {[%clk 0:26:45]} 42. R5c7+ Ke6 43. Rc1
{[%clk 0:24:19]} 1-0

[Event "World Team Chess Championship"]
[Site "Khanty-Mansiysk, RUS."]
[Date "2017.06.24"]
[Round "7.20"]
[White "Bartel Mateusz (POL)"]
[Black "Hauge Lars Oskar (NOR)"]
[Result "1-0"]
[BlackElo "2448"]
[WhiteElo "2637"]
[LiveChessVersion "1.4.8"]

1. d4 {[%clk 1:30:56]} Nf6 {[%clk 1:27:46]} 2. Bg5 {[%clk 1:31:18]} d5
{[%clk 1:21:47]} 3. e3 {[%clk 1:31:41]} e6 {[%clk 1:20:16]} 4. Bd3
{[%clk 1:28:09]} c5 {[%clk 1:20:29]} 5. c3 {[%clk 1:28:33]} Nc6 {[%clk 1:20:09]}
6. Nf3 {[%clk 1:21:39]} Be7 {[%clk 1:11:41]} 7. Nbd2 {[%clk 1:22:01]} Nd7
{[%clk 1:06:43]} 8. Bf4 {[%clk 1:15:00]} Bf6 {[%clk 0:59:48]} 9. Bd6
{[%clk 1:03:16]} Qb6 {[%clk 0:58:28]} 10. e4 {[%clk 0:59:39]} cxd4
{[%clk 0:42:41]} 11. O-O {[%clk 0:57:08]} dxc3 {[%clk 0:40:38]} 12. bxc3
{[%clk 0:57:07]} Be7 {[%clk 0:39:32]} 13. Rb1 {[%clk 0:35:03]} Qd8
{[%clk 0:39:17]} 14. exd5 {[%clk 0:35:02]} Bxd6 {[%clk 0:38:36]} 15. dxc6
{[%clk 0:35:23]} bxc6 {[%clk 0:37:13]} 16. Nc4 {[%clk 0:27:40]} Bc7
{[%clk 0:26:37]} 17. Qa4 {[%clk 0:28:05]} O-O {[%clk 0:25:30]} 18. Rfd1
{[%clk 0:28:33]} Rb8 {[%clk 0:22:25]} 19. Qxa7 {[%clk 0:24:32]} Rxb1
{[%clk 0:22:18]} 20. Bxb1 {[%clk 0:24:55]} Bb8 {[%clk 0:22:34]} 21. Qa4
{[%clk 0:24:13]} Qc7 {[%clk 0:19:35]} 22. Nd6 {[%clk 0:19:35]} Nf6
{[%clk 0:19:16]} 23. g3 {[%clk 0:12:02]} Rd8 {[%clk 0:17:00]} 24. Nxc8
{[%clk 0:12:26]} Rxc8 {[%clk 0:16:28]} 25. Nd4 {[%clk 0:11:26]} Nd5
{[%clk 0:15:10]} 26. Qc2 {[%clk 0:11:36]} g6 {[%clk 0:15:33]} 27. c4
{[%clk 0:11:51]} Nf6 {[%clk 0:15:12]} 28. Qc3 {[%clk 0:09:14]} Rd8
{[%clk 0:13:32]} 29. Re1 {[%clk 0:09:42]} Kg7 {[%clk 0:12:47]} 30. Nf3
{[%clk 0:06:10]} Ba7 {[%clk 0:12:43]} 31. Bc2 {[%clk 0:06:22]} Bc5
{[%clk 0:10:38]} 32. Re2 {[%clk 0:06:33]} Qa7 {[%clk 0:08:52]} 33. Bb3
{[%clk 0:05:13]} Rd6 {[%clk 0:08:15]} 34. Kg2 {[%clk 0:04:51]} Qd7
{[%clk 0:08:27]} 35. Qe5 {[%clk 0:03:56]} Ba7 {[%clk 0:07:38]} 36. g4
{[%clk 0:02:52]} h6 {[%clk 0:04:28]} 37. c5 {[%clk 0:02:02]} Rd5 {[%clk 0:02:18]}
38. Bxd5 {[%clk 0:02:26]} exd5 {[%clk 0:02:47]} 39. Qf4 {[%clk 0:00:58]} Ne4
{[%clk 0:01:07]} 40. Ne5 {[%clk 0:30:36]} Qe6 {[%clk 0:31:22]} 41. Nd3
{[%clk 0:20:54]} Bb8 {[%clk 0:31:38]} 42. Qf3 {[%clk 0:21:19]} Qe7
{[%clk 0:32:00]} 43. Qe3 {[%clk 0:17:39]} Qh4 {[%clk 0:30:43]} 44. h3
{[%clk 0:18:00]} h5 {[%clk 0:30:25]} 45. Rb2 {[%clk 0:17:33]} Bc7
{[%clk 0:24:03]} 46. Rb7 {[%clk 0:17:43]} Qd8 {[%clk 0:22:46]} 47. f3
{[%clk 0:17:28]} Nf6 {[%clk 0:22:45]} 48. Qd4 {[%clk 0:16:37]} g5
{[%clk 0:23:10]} 49. h4 {[%clk 0:13:38]} 1-0

[Event "World Team Chess Championship"]
[Site "Khanty-Mansiysk, RUS."]
[Date "2017.06.25"]
[Round "8.3"]
[White "Stupak Kirill (BLR)"]
[Black "Bartel Mateusz (POL)"]
[Result "1/2-1/2"]
[BlackElo "2637"]
[WhiteElo "2564"]
[LiveChessVersion "1.4.8"]

1. d4 {[%clk 1:30:58]} d5 {[%clk 1:30:52]} 2. Nf3 {[%clk 1:31:22]} c6
{[%clk 1:31:11]} 3. c4 {[%clk 1:31:30]} Nf6 {[%clk 1:31:35]} 4. Nc3
{[%clk 1:31:29]} dxc4 {[%clk 1:31:56]} 5. a4 {[%clk 1:31:56]} e6 {[%clk 1:32:17]}
6. e3 {[%clk 1:22:16]} c5 {[%clk 1:32:39]} 7. Bxc4 {[%clk 1:22:43]} Nc6
{[%clk 1:32:55]} 8. O-O {[%clk 1:23:00]} cxd4 {[%clk 1:33:19]} 9. exd4
{[%clk 1:23:24]} Be7 {[%clk 1:33:43]} 10. Re1 {[%clk 1:21:03]} O-O
{[%clk 1:34:01]} 11. Bg5 {[%clk 1:21:20]} Bd7 {[%clk 1:31:59]} 12. Qe2
{[%clk 1:15:50]} Nb4 {[%clk 1:31:05]} 13. Ne5 {[%clk 1:08:46]} h6
{[%clk 1:11:11]} 14. Bh4 {[%clk 1:02:06]} Be8 {[%clk 1:05:25]} 15. Rad1
{[%clk 0:57:32]} Nfd5 {[%clk 0:57:48]} 16. Nxd5 {[%clk 0:39:27]} exd5
{[%clk 0:55:57]} 17. Bxe7 {[%clk 0:39:30]} Qxe7 {[%clk 0:56:20]} 18. Bb3
{[%clk 0:39:56]} a5 {[%clk 0:52:16]} 19. Qg4 {[%clk 0:26:03]} Qg5
{[%clk 0:37:53]} 20. Qh3 {[%clk 0:10:00]} b5 {[%clk 0:29:29]} 21. Qf3
{[%clk 0:06:51]} Qd8 {[%clk 0:23:54]} 22. axb5 {[%clk 0:03:51]} Bxb5
{[%clk 0:22:33]} 23. Rc1 {[%clk 0:04:12]} a4 {[%clk 0:07:47]} 24. Rc5
{[%clk 0:04:40]} Rb8 {[%clk 0:07:20]} 25. Bxd5 {[%clk 0:04:39]} Nxd5
{[%clk 0:07:46]} 26. Rxd5 {[%clk 0:04:21]} Qb6 {[%clk 0:08:14]} 27. Rc5
{[%clk 0:03:02]} Qd6 {[%clk 0:08:21]} 28. Qc3 {[%clk 0:02:12]} Rfd8
{[%clk 0:07:53]} 29. d5 {[%clk 0:02:34]} Be8 {[%clk 0:07:10]} 30. Qd4
{[%clk 0:01:04]} Qf6 {[%clk 0:07:33]} 31. h3 {[%clk 0:00:50]} Rb3
{[%clk 0:06:59]} 32. Re3 {[%clk 0:01:16]} Rb7 {[%clk 0:05:58]} 33. Rf3
{[%clk 0:01:09]} Qb6 {[%clk 0:05:57]} 34. Nc4 {[%clk 0:01:32]} Qa7
{[%clk 0:06:14]} 35. d6 {[%clk 0:00:58]} Rb5 {[%clk 0:06:07]} 36. Rd5
{[%clk 0:00:33]} Qxd4 {[%clk 0:06:08]} 37. Rxd4 {[%clk 0:01:02]} Rb4
{[%clk 0:05:50]} 38. Rfd3 {[%clk 0:01:31]} Rxc4 {[%clk 0:04:35]} 39. Rxc4
{[%clk 0:01:47]} Bb5 {[%clk 0:05:01]} 40. Rcd4 {[%clk 0:30:51]} Bxd3
{[%clk 0:35:16]} 41. Rxd3 {[%clk 0:30:48]} Kf8 {[%clk 0:34:13]} 42. Rd4
{[%clk 0:25:24]} Ke8 {[%clk 0:32:23]} 43. g3 {[%clk 0:14:16]} Rb8
{[%clk 0:25:26]} 44. Rxa4 {[%clk 0:14:09]} Rxb2 {[%clk 0:25:48]} 45. Ra8+
{[%clk 0:14:38]} Kd7 {[%clk 0:26:11]} 46. Rf8 {[%clk 0:15:05]} f6
{[%clk 0:26:37]} 47. Rf7+ {[%clk 0:15:17]} Kxd6 {[%clk 0:27:00]} 48. Rxg7
{[%clk 0:15:24]} h5 {[%clk 0:27:09]} 49. Rh7 {[%clk 0:11:09]} Rb5
{[%clk 0:27:34]} 50. Kg2 {[%clk 0:11:37]} Ke6 {[%clk 0:27:59]} 51. h4
{[%clk 0:07:56]} Ra5 {[%clk 0:28:05]} 52. f3 {[%clk 0:07:31]} Rb5
{[%clk 0:28:17]} 53. Kh3 {[%clk 0:07:25]} Rf5 {[%clk 0:28:22]} 54. Kg2
{[%clk 0:06:09]} Ra5 {[%clk 0:28:35]} 55. Rg7 {[%clk 0:06:38]} Ra2+
{[%clk 0:23:16]} 56. Kh3 {[%clk 0:07:06]} Ra3 {[%clk 0:23:39]} 57. Rh7
{[%clk 0:07:29]} Ra5 {[%clk 0:17:10]} 58. g4 {[%clk 0:07:42]} hxg4+
{[%clk 0:17:35]} 59. Kxg4 {[%clk 0:08:09]} Ra1 {[%clk 0:18:00]} 60. Rb7
{[%clk 0:02:18]} Rg1+ {[%clk 0:18:03]} 61. Kf4 {[%clk 0:02:16]} Rh1
{[%clk 0:17:48]} 62. Rb6+ {[%clk 0:01:07]} Kf7 {[%clk 0:17:55]} 63. Kf5
{[%clk 0:01:17]} Rxh4 {[%clk 0:18:08]} 64. Rb7+ {[%clk 0:01:26]} Kf8
{[%clk 0:18:31]} 65. f4 {[%clk 0:01:25]} Kg8 {[%clk 0:17:43]} 66. Rb4
{[%clk 0:01:22]} Kf7 {[%clk 0:18:05]} 67. Rb7+ {[%clk 0:01:45]} Kg8
{[%clk 0:18:30]} 68. Kg6 {[%clk 0:01:26]} Rg4+ {[%clk 0:18:56]} 69. Kxf6
{[%clk 0:01:09]} Rxf4+ {[%clk 0:19:21]} 70. Kg5 {[%clk 0:01:34]} Rf7
{[%clk 0:19:47]} 71. Rxf7 {[%clk 0:02:01]} Kxf7 1/2-1/2

[Event "World Team Chess Championship"]
[Site "Khanty-Mansiysk, RUS."]
[Date "2017.06.25"]
[Round "8.4"]
[White "Gajewski Grzegorz (POL)"]
[Black "Fedorov Alexei (BLR)"]
[Result "1-0"]
[BlackElo "2598"]
[WhiteElo "2628"]
[LiveChessVersion "1.4.8"]

1. d4 {[%clk 1:30:57]} Nf6 {[%clk 1:30:55]} 2. c4 {[%clk 1:31:23]} g6
{[%clk 1:31:22]} 3. g3 {[%clk 1:31:49]} Bg7 {[%clk 1:31:39]} 4. Bg2
{[%clk 1:32:14]} O-O {[%clk 1:31:51]} 5. Nc3 {[%clk 1:32:40]} d6 {[%clk 1:32:08]}
6. Nf3 {[%clk 1:33:03]} Nc6 {[%clk 1:32:14]} 7. O-O {[%clk 1:33:27]} Bf5
{[%clk 1:32:41]} 8. Nh4 {[%clk 1:33:38]} Bd7 {[%clk 1:30:55]} 9. f4
{[%clk 1:33:57]} Na5 {[%clk 1:27:48]} 10. b3 {[%clk 1:33:21]} c5 {[%clk 1:27:27]}
11. dxc5 {[%clk 1:28:41]} dxc5 {[%clk 1:25:13]} 12. Bd2 {[%clk 0:57:33]} Bc6
{[%clk 0:55:20]} 13. Nd5 {[%clk 0:52:22]} Nxd5 {[%clk 0:42:15]} 14. cxd5
{[%clk 0:52:41]} Bb5 {[%clk 0:41:56]} 15. Rc1 {[%clk 0:51:37]} Rc8
{[%clk 0:41:39]} 16. Bc3 {[%clk 0:50:47]} Qb6 {[%clk 0:40:07]} 17. Bxg7
{[%clk 0:46:09]} Kxg7 {[%clk 0:40:33]} 18. Rf2 {[%clk 0:46:32]} Ba6
{[%clk 0:31:12]} 19. Qd2 {[%clk 0:39:31]} Qb4 {[%clk 0:28:52]} 20. e4
{[%clk 0:37:00]} Qxd2 {[%clk 0:27:11]} 21. Rxd2 {[%clk 0:36:05]} b6
{[%clk 0:27:27]} 22. Nf3 {[%clk 0:34:20]} Rfd8 {[%clk 0:23:28]} 23. Bh3
{[%clk 0:32:55]} Ra8 {[%clk 0:23:09]} 24. Kf2 {[%clk 0:32:20]} Bb5
{[%clk 0:21:28]} 25. Ke3 {[%clk 0:26:09]} f6 {[%clk 0:16:45]} 26. Be6
{[%clk 0:24:39]} Bd7 {[%clk 0:16:39]} 27. f5 {[%clk 0:22:44]} gxf5
{[%clk 0:13:43]} 28. exf5 {[%clk 0:23:06]} Nb7 {[%clk 0:10:44]} 29. Kf4
{[%clk 0:22:24]} Nd6 {[%clk 0:09:57]} 30. g4 {[%clk 0:22:11]} Rac8
{[%clk 0:08:41]} 31. Rg1 {[%clk 0:17:18]} Bxe6 {[%clk 0:03:18]} 32. dxe6
{[%clk 0:17:39]} c4 {[%clk 0:03:35]} 33. Rgd1 {[%clk 0:06:19]} cxb3
{[%clk 0:02:57]} 34. axb3 {[%clk 0:06:47]} Rc3 {[%clk 0:03:01]} 35. Rd3
{[%clk 0:06:33]} Rdc8 {[%clk 0:02:59]} 36. Nd4 {[%clk 0:05:35]} a5
{[%clk 0:02:56]} 37. Ne2 {[%clk 0:05:56]} Rc2 {[%clk 0:01:56]} 38. R1d2
{[%clk 0:05:07]} a4 {[%clk 0:01:13]} 39. bxa4 {[%clk 0:05:15]} R8c4+
{[%clk 0:01:34]} 40. Kf3 {[%clk 0:35:19]} Rxd2 {[%clk 0:31:51]} 41. Rxd2
{[%clk 0:35:47]} Rxa4 {[%clk 0:30:43]} 42. Nf4 {[%clk 0:19:29]} Nc4
{[%clk 0:20:21]} 43. Rd7 {[%clk 0:19:40]} Ne5+ {[%clk 0:20:30]} 44. Kg3
{[%clk 0:20:08]} Ra3+ {[%clk 0:19:18]} 45. Kg2 {[%clk 0:20:30]} Nxg4
{[%clk 0:18:31]} 46. Rxe7+ {[%clk 0:20:37]} Kh6 {[%clk 0:18:59]} 47. h4
{[%clk 0:10:31]} Ra4 {[%clk 0:16:15]} 48. Nd5 {[%clk 0:09:13]} Rd4
{[%clk 0:12:13]} 49. Kg3 {[%clk 0:09:32]} Rxd5 {[%clk 0:06:59]} 50. Kxg4
{[%clk 0:09:56]} Rd4+ {[%clk 0:07:07]} 51. Kf3 {[%clk 0:08:01]} Rxh4
{[%clk 0:06:47]} 52. Rf7 {[%clk 0:05:59]} 1-0

[Event "World Team Chess Championship"]
[Site "Khanty-Mansiysk, RUS."]
[Date "2017.06.25"]
[Round "8.6"]
[White "Salomon Johan (NOR)"]
[Black "Yu Yangyi (CHN)"]
[Result "1/2-1/2"]
[BlackElo "2749"]
[WhiteElo "2501"]
[LiveChessVersion "1.4.8"]

1. c4 {[%clk 1:30:57]} e5 {[%clk 1:30:30]} 2. Nc3 {[%clk 1:30:09]} Nf6
{[%clk 1:28:19]} 3. Nf3 {[%clk 1:30:07]} Nc6 {[%clk 1:28:28]} 4. g3
{[%clk 1:30:33]} Bb4 {[%clk 1:27:27]} 5. Bg2 {[%clk 1:30:17]} O-O
{[%clk 1:27:46]} 6. O-O {[%clk 1:26:46]} d6 {[%clk 1:24:20]} 7. Nd5
{[%clk 1:21:16]} Bc5 {[%clk 1:16:09]} 8. e3 {[%clk 1:15:34]} Bg4 {[%clk 1:15:34]}
9. h3 {[%clk 1:12:13]} Bh5 {[%clk 1:14:33]} 10. g4 {[%clk 1:09:28]} Bg6
{[%clk 1:14:34]} 11. d4 {[%clk 1:09:17]} Bb6 {[%clk 1:14:49]} 12. Nxb6
{[%clk 0:53:22]} axb6 {[%clk 1:13:48]} 13. b3 {[%clk 0:52:23]} Be4
{[%clk 0:56:24]} 14. Bb2 {[%clk 0:50:28]} Re8 {[%clk 0:48:09]} 15. dxe5
{[%clk 0:39:45]} dxe5 {[%clk 0:47:45]} 16. Qxd8 {[%clk 0:40:04]} Raxd8
{[%clk 0:48:03]} 17. Rfd1 {[%clk 0:39:40]} Nd7 {[%clk 0:47:23]} 18. Rd2
{[%clk 0:32:52]} f6 {[%clk 0:45:26]} 19. Rad1 {[%clk 0:33:11]} Nc5
{[%clk 0:45:19]} 20. Rxd8 {[%clk 0:31:28]} Nxd8 {[%clk 0:40:55]} 21. Ne1
{[%clk 0:26:25]} Bxg2 {[%clk 0:40:24]} 22. Kxg2 {[%clk 0:26:45]} Nc6
{[%clk 0:39:53]} 23. Nc2 {[%clk 0:26:51]} e4 {[%clk 0:36:41]} 24. Rd5
{[%clk 0:22:41]} Nd3 {[%clk 0:25:00]} 25. Ba3 {[%clk 0:22:22]} Nce5
{[%clk 0:22:35]} 26. Kg3 {[%clk 0:18:37]} h5 {[%clk 0:19:43]} 27. gxh5
{[%clk 0:17:53]} Kh7 {[%clk 0:20:07]} 28. Rd4 {[%clk 0:14:34]} f5
{[%clk 0:16:03]} 29. Rd5 {[%clk 0:14:54]} c5 {[%clk 0:15:45]} 30. Rd6
{[%clk 0:11:55]} Rf8 {[%clk 0:16:02]} 31. Re6 {[%clk 0:07:02]} f4+
{[%clk 0:08:35]} 32. exf4 {[%clk 0:07:29]} Rxf4 {[%clk 0:09:01]} 33. Ne1
{[%clk 0:07:53]} Rf5 {[%clk 0:07:58]} 34. Nxd3 {[%clk 0:07:55]} Rf3+
{[%clk 0:07:04]} 35. Kg2 {[%clk 0:03:06]} Nxd3 {[%clk 0:07:25]} 36. Rxe4
{[%clk 0:03:34]} Rxf2+ {[%clk 0:07:40]} 37. Kg3 {[%clk 0:02:47]} Rxa2
{[%clk 0:07:31]} 38. Re3 {[%clk 0:03:15]} Rxa3 {[%clk 0:05:36]} 39. Rxd3
{[%clk 0:03:43]} b5 {[%clk 0:05:54]} 40. cxb5 {[%clk 0:31:16]} b6
{[%clk 0:30:44]} 41. Rf3 {[%clk 0:26:58]} Ra5 {[%clk 0:30:48]} 42. Kg4
{[%clk 0:25:34]} Rxb5 {[%clk 0:31:04]} 43. Re3 {[%clk 0:25:25]} Rb4+
{[%clk 0:28:45]} 44. Kg5 {[%clk 0:24:31]} Rd4 {[%clk 0:26:17]} 45. Re6
{[%clk 0:18:20]} Rb4 {[%clk 0:25:26]} 46. Re3 {[%clk 0:18:44]} Rb5
{[%clk 0:25:48]} 47. Kg4 {[%clk 0:18:44]} Kg8 {[%clk 0:26:00]} 48. Kg5
{[%clk 0:18:25]} Kh7 {[%clk 0:26:06]} 49. Kg4 {[%clk 0:17:44]} Rb4+
{[%clk 0:25:37]} 1/2-1/2